000 00946nam a2200217Ia 4500
001 18012
003 GE_BSU
008 181216s||||||||xx |||||||||||||| ||und||
040 _cGE_BSU
080 _a811.353.1'367.625
100 _aსარჯველაძე, ზურაბ
245 _aხანმეტ და ჰაემეტ ტექსტებში დადასტურებულ ზმნის პირიან ფორმათა საძიებლები
260 _aთბილისი
260 _bმეცნიერება
260 _c1971
300 _a150გვ. ; 20სმ.
541 _h2 ლ.
653 _aზმნა ქართულ ენაში;
653 _aხანმეტ და ჰაემეტ ტექსტებში დადასტურებულ ზმნის პირიან ფორმათა საძიებლები
942 _cBK
999 _c51055
_d51055